000 00257nam a2200109Ia 4500
008 240521s2008 xx 000 0 und d
041 _aeng
100 _aSAVANT E.V.
245 _aPARNALPARVAT PANHALGAD
260 _bELST WITH ARNOLD
_c2008
300 _a70
999 _c1160600
_d1160600